000
00318nam a2200145Ia 4500
008
230718s9999 xx 000 0 und d
041
_a
Eng.
082
_a
343.54
_b
PAK-4
100
_a
Pakistan
245
0
_a
400 questions
260
_a
Pakistan
_b
capital pub.
_c
2013
300
_a
574
650
_a
Law
999
_c
30380
_d
30380